000 01230nam a2200361 a 4500
001 50282
003 FlNmELB
005 20241216232219.0
006 m o d |
007 cr cn|||||||||
008 200705r2007 ag |||||s|||||||||||spa d
022 _z1660-5350
035 _a(MiAaPQ)EBC3173639
035 _a(Au-PeEL)EBL3173639
035 _a(CaPaEBR)ebr10165801
035 _a(OCoLC)928700037
040 _aFlNmELB
_bspa
_cFlNmELB
050 4 _aTN870
_bP153 2007eb
080 _a665.6
100 1 _aPalacios López, Cristhian.
245 1 0 _aTanques de almacenamiento de hidrocarburos
_h[recurso electronico]
_cCristhian Palacios López.
260 _a[Buenos Aires] :
_bMonografías,
_c[2007]
300 _a6-32 p.
533 _aRecurso electrónico. Santa Fe, Arg.: e-libro, 2015. Disponible vía World Wide Web. El acceso puede estar limitado para las bibliotecas afiliadas a e-libro.
650 4 _aPetróleo.
650 4 _aProducción petrolífera.
650 0 _aPetroleum engineering.
650 0 _aHydrocarbons.
650 0 _aPetroleum industry and trade.
655 4 _aLibros electrónicos.
710 2 _ae-libro, Corp.
856 4 0 _uhttps://elibro.net/ereader/politecnicointernacional/34462
999 _c50282
_d50282